Vybrané časti stavebno-technologickej prípravy stavby : Martinské centrum pre biomedicínu

Guardado en:
Detalles Bibliográficos
Autor principal: Gombarček, Ivan (Autor)
Otros Autores: Briatka, Peter (Orientador)
Formato: Manuscrito Libro
Lenguaje:eslovaco
Publicado: 2015
Materias:
Acceso en línea:http://is.stuba.sk/zp/portal_zp.pl?podrobnosti=109398
https://opac.crzp.sk/?fn=detailBiblioForm&sid=78283B71680DBAF21444D61D22D4
Etiquetas: Agregar Etiqueta
Sin Etiquetas, Sea el primero en etiquetar este registro!

MARC

LEADER 00000ntm a22000003a 4500
001 stuzp51836
003 SK-STU
005 20231012134708.6
007 ta
008 150427s2015----xo-----f-mn---000-0-slo-d
040 |a STU  |b slo 
041 0 |a slo 
100 1 |a Gombarček, Ivan  |u 010270  |4 aut  |U SvF Stavebná fakulta  |T SvF Katedra technológie stavieb  |X 67065  |U V270  |Y 28  |7 A000067065 
242 0 1 |a Selected parts of building construction of technology preparing : Martin center of biomedicine  |y eng 
245 1 0 |a Vybrané časti stavebno-technologickej prípravy stavby : Martinské centrum pre biomedicínu 
260 |c 2015 
650 4 |a stavba  |2 slo 
650 4 |a pracovník  |2 slo 
650 4 |a návrh  |2 slo 
650 4 |a site  |2 eng 
650 4 |a construction  |2 eng 
650 4 |a technical  |2 eng 
700 1 |a Briatka, Peter  |4 ths  |X 23787  |7 A000023787 
856 4 |u http://is.stuba.sk/zp/portal_zp.pl?podrobnosti=109398 
856 4 |u https://opac.crzp.sk/?fn=detailBiblioForm&sid=78283B71680DBAF21444D61D22D4 
SQL |a stuzp51836  |b DDP  |c SLO  |d Vybrané časti stavebno-technologickej prípravy stavby : Martinské centrum pre biomedicínu  |e 67065  |f Gombarček, Ivan  |g 010270  |h 23787  |i Briatka, Peter  |j 20150618  |k 681  |l 01  |m http://is.stuba.sk/zp/portal_zp.pl?podrobnosti=109398  |n I-TS  |o 5.2.8. stavebníctvo